000 00714nam a2200253 i 4500
001 C2-0229346
003 PPAK
005 20180728160125.0
008 000930s1999 my |||| ||||| | may d
020 _a9676103802
040 _aPPAK
_beng
_cPPAK
_erda
082 0 4 _a155
_223
090 0 0 _a155
_bMOH
_dG
100 0 _aMohd. Salleh Lebar,
_eauthor
245 1 0 _aAsas psikologi perkembangan
264 1 _aKuala Lumpur :
_bUtusan Publications & Distributors ,
_c1999
300 _a204 pages ;
_c22 cm
336 _2rdacontent
_atext
337 _2rdamedia
_aunmediated
338 _2rdacarrier
_avolume
500 _aBibliografi ; Mengandungi indeks
650 1 0 _aDevelopmental psychology
942 _ddc
_cB
999 _c148976
_d148976